| 000 | 00811cam a22002651 4500 | ||
|---|---|---|---|
| 999 |
_c127104 _d127104 |
||
| 001 | 1234320 | ||
| 003 | ARRUPE | ||
| 005 | 20171012110925.0 | ||
| 008 | 710504s1968 enk b 000 0 eng | ||
| 010 | _a 68102214 | ||
| 015 | _aB68-08831 | ||
| 020 | _a0090876903 | ||
| 040 |
_aDLC _cDLC _dDLC |
||
| 050 | 0 | 0 |
_aPR3546 _b.L45 1968 |
| 082 | 0 | 0 | _a821/.4 |
| 100 | 1 |
_aLeishman, J. B. _q(James Blair), _d1902-1963. _916112 |
|
| 245 | 1 | 4 |
_aThe art of Marvell's poetry _c James B. Leishman. |
| 260 |
_aLondon, _bHutchinson University Library, _c1966. |
||
| 300 |
_a328 p. _c22 cm. |
||
| 350 | _a37/6 | ||
| 440 |
_aThe Metaphysical poets _937059 |
||
| 504 | _aBibliographical footnotes. | ||
| 600 | 1 | 0 |
_aMarvell, Andrew _937060 |
| 906 |
_a7 _bcbc _corignew _du _encip _f19 _gy-gencatlg |
||
| 942 |
_2lcc _cMONOGRAPH |
||